Allgemeinwissen nach Buchstabe - O - Statistiken

Allgemein
  • Dieses Quiz wurde 109 mal gespielt
  • Das Durchschnittsergebnis liegt bei 13 aus 16
Antwortstatistiken
Hint
Antwort % Korrekt
Vorname von Altkanzler Scholz und dem Schneemann aus Frozen Olaf
99%
Bester Freund von Asterix in der gleichnamigen französischen Comicserie Obelix
97%
Hauptstadt von Kanada Ottawa
97%
Älteste Universität Englands Oxford
94%
Land mit Maskat als Hauptstadt Oman
92%
24. und letzter Buchstabe des griechischen Alphabets Omega
92%
Physikalische Einheit für den elektrischen Widerstand, benannt nach einem deutschen Physiker Ohm
90%
Menschenaffe von Borneo und Sumatra Orang-Utan
88%
Deutscher Schauspieler, Comedian und Comiczeichner, u.a. bekannt für seine Elefantenzeichnungen Otto Waalkes
88%
Höchstes Gebirge Griechenlands und Sitz der Götter in der griechischen Mythologie Olymp
87%
"Morgenland", umfasst überwiegend die islamisch geprägten Länder in Vorderssien und Nordafrika Orient
79%
"Vater der Atombombe" (Nachname) Oppenheimer
67%
Britischer Schriftsteller, schrieb u.a. die Dystopie "1984" (Nachname) Georg Orwell
62%
Herrschaftsgebiet der Habsburger (heutiger Name) Österreich
60%
Usprünglicher Name der Europahymne von Beethoven Ode an die Freude
58%
Römischer Dichter, schrieb die Metamorphosen Ovid
27%
Keine übereinstimmenden Quizze gefunden
Verteilung der Resultate
Anzahl Personen mit jedem Resultat
Perzentil nach korrekt beantworteten Fragen
Ihre Resultats-Entwicklung
Sie haben dieses Quiz noch nicht gespielt